| 000 | 00000nam##2200000za#4500 |
| 001 | 9.632924 |
| 003 | CaOODSP |
| 005 | 20210624215053 |
| 007 | cr ||||||||||| |
| 008 | 150407|1997||||xxc|||||o f|0| 0 fre|d |
| 040 | |aCaOODSP|bfre |
| 043 | |an-cn--- |
| 086 | 1 |aSW21-18/1997F-PDF |
| 110 | 1 |aCanada. |bCondition féminine Canada. |
| 245 | 10|aTable ronde sur l'image des jeunes femmes véhiculée dans les médias : |h[ressource électronique]|bconvoquée par la Secrétaire d'État à la Situation de la femme, l'honorable Hedy Fry le 6 mars 1997 - Vancouver / |crapport rédigé par Shari Graydon. |
| 260 | |aOttawa - Ontario : |bCondition féminine Canada |c1997. |
| 300 | |a20p.|bréférences |
| 500 | |aConvoquée par la Secrétaire d'État à la Situation de la femme, l'honorable Hedy Fry. |
| 590 | |a06-10-Supp|b2006-12-15 |
| 691 | 07|aDiscrimination sexuelle|2gcpds |
| 691 | 07|aFemme|2gcpds |
| 691 | 07|aMédias de masse|2gcpds |
| 720 | 1 |aGraydon, Shari |
| 775 | 08|tRound table on the portrayal of young women in the media : |w(CaOODSP)9.688499 |
| 776 | 0#|tTable ronde sur l'image des jeunes femmes véhiculée dans les médias / |w(CaOODSP)9.680387 |
| 856 | 40|ahttp://publications.gc.ca|qPDF|s54 Ko|uhttps://publications.gc.ca/collections/Collection/SW21-18-1997F.pdf |